000 00516cas a22001935a 4500
001 L138498
008 070613d2004 xxkmr p 0 a0eng u
022 1 _a1476-8941
035 _a(Sirsi) u138498
041 0 _aeng
240 _aGEO connexion UK
245 0 0 _aGEO:connexion UK
260 _aGodmanchester
_bGeo:connexion
_c2004
362 0 _a1(4) June 2004-5(2) April/May 2007
554 _a10 per year
651 4 _aUnited Kingdom
_y
690 _aENVIRONMENTAL AND LAND CONSULTANCY-GEOMATICS
942 _n0
999 _c118990
_d118990